01291nam a2200241 a 4500001001000000005001700010008004100027041000800068044000700076084002000083100004500103245009400148260005300242300001700295500031400312500017700626500000900803650005200812650005600864650003400920650004500954740005000999BRCA_246020190320203824.0191108s1829----sp-#---###---#000-0#spa-u aspa asp a100b.P57c18291 aCervantes Saavedra, Miguel ded1547-161610aEl Ingenioso Hidalgo D. Quijote de la Manchaccompuesto por Miguel de Cervantes Saavedra. aMadridbHijos de Doña Catalina Piñuelac1829 a4 v.c15 cm. aContenido : v 1. Primera parte. Retrato de Cervantes. Advertencia del editor. Principios dela edición príncipe. Dedicatoria. Prólogo del autor. Versos preliminares. Texto. -- v 2. Texto. -- v 3. Segunda parte. Principios de la edición príncipe. Dedicatoria. Prólogo del autor. Texto. -- v 4. Texto aEdición igual a la anterior, pero sin retrato ni láminas. Semipiel; lomeras adornadas con filetes dorados. Faltan las portadas delos cuatro volúmenes Lúdovik Osterc aQM8214aNovela españolayÉpoca clásica, 1500-170014aLiteratura españolayÉpoca clásica, 1500-170014aNovela españolaySiglo XVII14aDon Quijote (Personaje ficticio)eNovela0 aEl Ingenioso Hidalgo Don Quijote de la Mancha